| 000 | 00622cab a2200229 4500 | ||
|---|---|---|---|
| 001 | A176 | ||
| 008 | 090401t1989 xxu||||| |||| 00| 0 eng d | ||
| 035 | _a(Sirsi) u27467 | ||
| 041 | _aeng | ||
| 100 | _aMaynard, Jon | ||
| 245 | _aGreat oaks from little acorns | ||
| 260 | _c1989 | ||
| 350 | _a0 | ||
| 490 |
_aLand & Minerals Surveying _v7(12) December 1989, 584-589(6) |
||
| 520 | _aThe centenary of co-operation between HM Land Registry and Ordnance Survey. | ||
| 650 | _aHISTORY | ||
| 650 | _aHM LAND REGISTRY | ||
| 650 | _aORDNANCE SURVEY | ||
| 690 | _aLAND SURVEYING | ||
| 942 | _n0 | ||
| 948 | _c04/03/1997 | ||
| 999 |
_c18487 _d18487 |
||